Statistics for British cereals

Click here to take the quiz!

General Stats

  • This quiz has been taken 74 times
    (66 since last reset)
  • The average score is 11 of 46

Answer Stats

Answer% Correct
Cornflakes
94%
Coco pops
85%
Frosties
79%
Rice krispies
77%
Weetabix
71%
Shreddies
67%
Crunchy nut
58%
Special K
56%
Bran flakes
54%
Shredded wheat
54%
Krave
50%
Weetos
35%
Golden nuggets
31%
Lucky charms
31%
All bran
25%
Fruit and fibre
25%
Nesquik
23%
Cookie crisp
21%
Curiously cinnamon
17%
Honey cheerio's
15%
Frosted shreddies
13%
Coco shreddies
12%
Crunchy nut clusters
12%
Oatibix
10%
Crunchy nut cornflakes
8%
Reeses puff
8%
Weetabix protein
8%
Special K red berries
6%
Weetabix banana
6%
Chocolate crunchy nut clusters
4%
Coco pops rocks
4%
Multigrain cheerio's
4%
Rice krispies multigrain shapes
4%
White chocolate coco pops
4%
All bran fibre
2%
All bran golden crunch
2%
Jordans country crisp chocolate
2%
Jordans country crisp strawberry
2%
Lucky charms chocolate
2%
Oatibix flakes
2%
Shredded wheat bitesize
2%
Shredded wheat red berries
2%
Weetabix crispy minis
2%
Weetabix crispy minis chocolate
2%
WKK kids strawberry apple and carrot
2%
WKK kids blueberry and apple
0%

Score Distribution

Percentile by Number Answered

Percent of People with Each Score

Your Score History

You have not taken this quiz since the last reset